پاگل خانہ / (Record no. 108823)

MARC details
000 -LEADER
fixed length control field 00795nam a22002537a 4500
005 - DATE AND TIME OF LATEST TRANSACTION
control field 20170123162345.0
010 ## - LIBRARY OF CONGRESS CONTROL NUMBER
LC control number A-791306
020 ## - INTERNATIONAL STANDARD BOOK NUMBER
Terms of availability 80.00
035 ## - SYSTEM CONTROL NUMBER
System control number A-791306
037 ## - SOURCE OF ACQUISITION
Source of stock number/acquisition Cen Lib/Ret
040 ## - CATALOGING SOURCE
Original cataloging agency DPL
Language of cataloging UR
082 ## - DEWEY DECIMAL CLASSIFICATION NUMBER
Classification number ن
Item number ح ج ا
100 ## - MAIN ENTRY--PERSONAL NAME
Personal name حجاب امتیاز علی
9 (RLIN) 109692
245 ## - TITLE STATEMENT
Title پاگل خانہ /
Statement of responsibility, etc حجاب امتیاز علی
246 ## - VARYING FORM OF TITLE
Title proper/short title Pagal khana /
Remainder of title by Hijab Imtiaz Ali
260 ## - PUBLICATION, DISTRIBUTION, ETC. (IMPRINT)
Place of publication, distribution, etc نیی دہلی
Name of publisher, distributor, etc وجے پبلیکیشنز
Date of publication, distribution, etc 1992
270 ## - ADDRESS
City نیی دہلی
Address ٢٧٠، نو راجندرا نگر
Postal code 110060
300 ## - PHYSICAL DESCRIPTION
Extent 320p.
Dimensions 17cm(Hb)
650 ## - SUBJECT ADDED ENTRY--TOPICAL TERM
Topical term or geographic name as entry element اردو ادب
9 (RLIN) 130445
650 ## - SUBJECT ADDED ENTRY--TOPICAL TERM
Topical term or geographic name as entry element اردو ناول
9 (RLIN) 130446
650 ## - SUBJECT ADDED ENTRY--TOPICAL TERM
Topical term or geographic name as entry element Urdu literature
9 (RLIN) 130447
650 ## - SUBJECT ADDED ENTRY--TOPICAL TERM
Topical term or geographic name as entry element Urdu novel
9 (RLIN) 130448
942 ## - ADDED ENTRY ELEMENTS (KOHA)
Source of classification or shelving scheme Dewey Decimal Classification
Koha item type Urdu Bks
Classification part ن
Call number suffix ح ج ا
Holdings
Withdrawn status Lost status Damaged status Not for loan Home library Current library Date acquired Source of acquisition Cost, normal purchase price Total Checkouts Full call number Barcode Date last seen Date checked out Copy number Cost, replacement price Price effective from Koha item type
        Central Library Central Library 05/02/2016 Cen Lib/Ret 80.00 1 ن ح ج ا A-791306 18/11/2017 08/11/2017 1 80.00 05/02/2016 Urdu Bks

© Delhi Public Library
Hit Counter
free hit counter